000 00305nam a2200133Ia 4500
008 260604s9999 xx 000 0 und d
020 _a9780143460053
082 _a823.91 KAL
100 _aKalki
_935955
245 0 _aSivakami's Vow 4: Shattered Dream
260 _bEBURY
500 _aDream
942 _cBK
999 _c8796
_d8796